| 000 | 00722nam a22002417a 4500 | ||
|---|---|---|---|
| 005 | 20170124105938.0 | ||
| 010 | _aB-219601 | ||
| 020 |
_c650.00 _a8188836702 |
||
| 035 | _aB-219601 | ||
| 037 | _bCen Lib/Ret | ||
| 040 |
_aDPL _bEN |
||
| 082 |
_a338.4791 _bRES |
||
| 245 |
_aResponsible tourism / _ccompiled and edited by Romila Chawla |
||
| 260 |
_aNew Delhi _bSonal Publications _c2005 |
||
| 270 |
_bNew Delhi _a4228/1,Ansari Road _e110002 |
||
| 300 |
_a253p. _c22cm(Hb) |
||
| 490 | _aTourism and development series | ||
| 500 | _aIncludes appendix | ||
| 650 |
_aTourism _973850 |
||
| 650 |
_aSustainable tourism _973851 |
||
| 700 |
_aChawla, Romila _910555 |
||
| 942 |
_2ddc _cEN _h338.4791 _mRES |
||
| 999 |
_c124376 _d124376 |
||